| 000 | 00624nam a2200169Ia 4500 | ||
|---|---|---|---|
| 008 | 230925s9999||||xx |||||||||||||| ||und|| | ||
| 082 | _a621.31 ZAI | ||
| 100 |
_aZain-ul-Abdeen Qureshi (360973) _9118269 |
||
| 245 | 3 | _aAn Integrated Assessment Framework of renewable based Microgrid Deployment for Remote isolated area Electrification across different Climatic Zones and Future grid Extensions / | |
| 260 |
_bUSPCAS-E, NUST,Islamabad : _c2023 |
||
| 300 | _axiii, 83 p. | ||
| 520 | _aTH-489 | ||
| 650 |
_vMS Thesis _918721 |
||
| 650 | _vMS-EEP Thesis | ||
| 700 |
_aDr. Syed Ali Abbas Kazmi _9117439 |
||
| 942 |
_cTHE _2ddc |
||
| 999 |
_c603236 _d603236 |
||